Music Quiz

Random Music or Lyrics Quiz

Big Yellow Taxi Lyrics Quiz Stats

 Plays Quiz Updated Feb 24, 2020

Support Sporcle.
Go Orange.
Score 0/196 Timer 08:00
0 Plays Today
Verse Lyrics % Correct
First verse & chorusa
97.2%
First verse & chorusa
97.2%
First verse & chorusa
97.2%
First verse & chorusa
97.2%
First verse & chorusa
97.2%
2nd verse & chorusa
97.2%
2nd verse & chorusA
97.2%
2nd verse & chorusa
97.2%
2nd verse & chorusa
97.2%
3rd verse & chorusa
97.2%
4th verse & chorusa
97.2%
4th verse & chorusa
97.2%
4th verse & chorusa
97.2%
4th verse & chorusI
93.9%
2nd verse & chorusthe
92.4%
2nd verse & chorusthe
92.4%
3rd verse & chorusthe
92.4%
3rd verse & chorusthe
92.4%
4th verse & chorusthe
92.4%
First verse & chorusAnd
92.2%
First verse & chorusAnd
92.2%
First verse & chorusAnd
92.2%
2nd verse & chorusAnd
92.2%
2nd verse & chorusand
92.2%
2nd verse & chorusAnd
92.2%
3rd verse & chorusand
92.2%
3rd verse & chorusAnd
92.2%
4th verse & chorusAnd
92.2%
4th verse & chorusAnd
92.2%
4th verse & chorusAnd
92.2%
First verse & chorusyou
90.4%
2nd verse & chorusyou
90.4%
3rd verse & chorusyou
90.4%
4th verse & chorusyou
90.4%
First verse & chorusto
90.3%
2nd verse & chorusto
90.3%
2nd verse & chorusto
90.3%
3rd verse & chorusto
90.3%
4th verse & chorusto
90.3%
First verse & chorusit
88.8%
2nd verse & chorusit
88.8%
3rd verse & chorusit
88.8%
4th verse & chorusit
88.8%
First verse & chorusup
87.8%
First verse & chorusup
87.8%
2nd verse & chorusup
87.8%
3rd verse & chorusup
87.8%
4th verse & chorusup
87.8%
4th verse & chorusup
87.8%
First verse & chorusgo
87.2%
2nd verse & chorusgo
87.2%
3rd verse & chorusgo
87.2%
4th verse & chorusgo
87.2%
First verse & chorusput
87.2%
First verse & chorusput
87.2%
2nd verse & chorusPut
87.2%
2nd verse & chorusput
87.2%
3rd verse & chorusPut
87.2%
3rd verse & chorusput
87.2%
4th verse & chorusput
87.2%
4th verse & chorusput
87.2%
First verse & chorusparking
87.2%
First verse & chorusparking
87.2%
2nd verse & chorusparking
87.2%
3rd verse & chorusparking
87.2%
4th verse & chorusparking
87.2%
Verse Lyrics % Correct
4th verse & chorusparking
87.2%
First verse & choruslot
87.1%
First verse & choruslot
87.1%
2nd verse & choruslot
87.1%
3rd verse & choruslot
87.1%
4th verse & choruslot
87.1%
4th verse & choruslot
87.1%
4th verse & chorusbig
85.7%
First verse & choruswhat
85.4%
2nd verse & choruswhat
85.4%
3rd verse & choruswhat
85.4%
4th verse & choruswhat
85.4%
First verse & chorusThey
85.2%
First verse & chorusThey
85.2%
2nd verse & chorusThey
85.2%
2nd verse & chorusthey
85.2%
2nd verse & chorusThey
85.2%
3rd verse & chorusThey
85.2%
4th verse & chorusThey
85.2%
4th verse & chorusThey
85.2%
First verse & chorusparadise
85.1%
First verse & chorusparadise
85.1%
2nd verse & chorusparadise
85.1%
3rd verse & chorusparadise
85.1%
4th verse & chorusparadise
85.1%
4th verse & chorusparadise
85.1%
First verse & chorusDon't
84.8%
First verse & chorusdon't
84.8%
2nd verse & chorusDon't
84.8%
2nd verse & chorusdon't
84.8%
3rd verse & chorusDon't
84.8%
3rd verse & chorusdon't
84.8%
4th verse & chorusDon't
84.8%
4th verse & chorusdon't
84.8%
4th verse & chorusyellow
84.2%
4th verse & chorustaxi
84.1%
First verse & chorusknow
83.8%
First verse & chorusit's
83.8%
2nd verse & chorusknow
83.8%
2nd verse & chorusit's
83.8%
3rd verse & chorusknow
83.8%
3rd verse & chorusit's
83.8%
4th verse & chorusknow
83.8%
4th verse & chorusit's
83.8%
First verse & chorusgot
82.6%
2nd verse & chorusgot
82.6%
3rd verse & chorusgot
82.6%
4th verse & chorusgot
82.6%
First verse & chorusgone
82.6%
2nd verse & chorusgone
82.6%
3rd verse & chorusgone
82.6%
4th verse & chorusgone
82.6%
First verse & chorusTill
81.8%
2nd verse & chorusTill
81.8%
3rd verse & chorusTill
81.8%
4th verse & chorusTill
81.8%
2nd verse & chorussee
81.8%
First verse & chorusseem
80.5%
2nd verse & chorusseem
80.5%
3rd verse & chorusseem
80.5%
4th verse & chorusseem
80.5%
First verse & chorusThat
80.3%
2nd verse & chorusThat
80.3%
3rd verse & chorusthat
80.3%
3rd verse & chorusThat
80.3%
4th verse & chorusThat
80.3%
Verse Lyrics % Correct
First verse & chorusalways
79.2%
2nd verse & chorusalways
79.2%
3rd verse & chorusalways
79.2%
4th verse & chorusalways
79.2%
First verse & choruspaved
78.8%
First verse & choruspaved
78.8%
2nd verse & choruspaved
78.8%
3rd verse & choruspaved
78.8%
4th verse & choruspaved
78.8%
4th verse & choruspaved
78.8%
2nd verse & chorusin
78.1%
First verse & chorusyou've
77.6%
2nd verse & chorusyou've
77.6%
3rd verse & chorusyou've
77.6%
4th verse & chorusyou've
77.6%
3rd verse & chorusmy
73.4%
4th verse & chorusmy
73.4%
2nd verse & chorustook
72.1%
4th verse & chorusTook
72.1%
2nd verse & chorus'em
70.7%
2nd verse & chorus'em
70.7%
3rd verse & chorusaway
70.1%
4th verse & chorusaway
70.1%
2nd verse & chorusall
67.8%
2nd verse & chorustree
67.4%
2nd verse & chorusmuseum
65.5%
2nd verse & chorusjust
64.3%
2nd verse & chorusdollar
64%
2nd verse & chorushalf
63.4%
2nd verse & choruspeople
63%
2nd verse & chorustrees
62.8%
3rd verse & choruson
60.8%
3rd verse & chorusme
60.3%
3rd verse & chorusme
60.3%
2nd verse & choruscharged
58.2%
First verse & chorusspot
56.5%
First verse & chorushot
53.4%
4th verse & chorusman
53%
3rd verse & chorusbirds
51.9%
3rd verse & chorusbees
51.8%
First verse & chorusWith
49.8%
First verse & chorusswinging
47.1%
3rd verse & chorusDDT
46.5%
4th verse & chorusold
45.6%
4th verse & chorusdoor
45.4%
4th verse & chorusnight
45%
3rd verse & chorusapples
44.8%
4th verse & chorusheard
44.7%
3rd verse & chorusfarmer
44.3%
3rd verse & chorusfarmer
44.3%
4th verse & chorusscreen
43.7%
3rd verse & chorusleave
43.6%
3rd verse & chorusHey
43.4%
3rd verse & chorusBut
43.4%
3rd verse & chorusnow
43.2%
4th verse & chorusslam
42.9%
4th verse & choruslast
42.6%
3rd verse & chorusspots
41.5%
4th verse & chorusLate
41.2%
3rd verse & chorusPlease!
41.1%
First verse & chorushotel,
40.5%
3rd verse & chorusGive
39.7%
First verse & chorusboutique
36.4%
First verse & choruspink
34.8%

From the Vault

NHL Team Timeline

by MandaandKris

Sports 10m
This NHL quiz is making us feel a little chilly.
Remove Ads.
Support Sporcle.
Get the best of Sporcle when you Go Orange. This ad-free experience offers more features, more stats, and more fun while also helping to support Sporcle. Thank you for becoming a member.

Show Comments

Extras

Top Quizzes Today


Score Distribution

Your Account Isn't Verified!

In order to create a playlist on Sporcle, you need to verify the email address you used during registration. Go to your Sporcle Settings to finish the process.

Report this User

Report this user for behavior that violates our Community Guidelines.

Details: